Wars Involving Niger - Statistics

General Stats
  • This quiz has been taken 6 times
  • The average score is 3 of 5
Answer Stats
Year Allies Enemies Result Answer % Correct
1990-1991 KuwaitUs Led Coalition Iraq Victory Gulf War
100%
2009-Present NigeriaChad Cameroon Benin Boko HaramIslamic State Ansaru Ongoing Boko Haram Insurgency
75%
2002-Present AlgerianMauritania Tunisia Libya Mali Chad France UN Mission Various Islamic Extremists Ongoing Insurgency in the Magrehb
75%
1990-1995 Mali Various Malian and Nigerien Rebels Ceasefire Tuareg Rebellion
25%
2007-2009 Mali Various Malian and Nigerien Rebels Victory Tuareg Rebellion
25%
No matching quizzes found
Score Distribution
Percent of People with Each Score
Percentile by Number Answered
Your Score History
You have not taken this quiz